000 00477nam a22001817a 4500
003 MPLRDC
005 20220104172753.0
008 210129b ||||| |||| 00| 0 eng d
020 _a981-223-042-4
082 _a524.9662 BRI 1998
100 _aJGR BRIGGS
245 _aLONGMAN A-LEVEL GUIDES. CHEMISTRY, 3RD EDITION
_c
250 _a初版
260 _a
_bPEARSON EDUCATION ASIA PTE LTD
_c1998
300 _b
650 _a自修用书
942 _cBK
_o524.9662 BRI 1998
999 _c59105
_d59095